Normal view
MARC view
- Verma,Deepak Kumar
Entry Personal Name
001 - CONTROL NUMBER
- control field: 1308
003 - CONTROL NUMBER IDENTIFIER
- control field: OSt
005 - DATE AND TIME OF LATEST TRANSACTION
- control field: 20160826150257.0
008 - FIXED-LENGTH DATA ELEMENTS
- fixed length control field: 160826|| aca||aabn | a|a d
040 ## - CATALOGING SOURCE
- Original cataloging agency: OSt
- Transcribing agency: OSt
100 ## - HEADING--PERSONAL NAME
- Personal name: Verma,Deepak Kumar
670 ## - SOURCE DATA FOUND
- Source citation: Work cat.: (OSt): Verma,Deepak Kumar, Objective Agricultural MIicrobiology at a Glance, 2015
